Estudio prc̀tico del Rǧimen Fiscal de Dividendos pagados por Personas Morales 2015

Detalles Bibliográficos
Autor principal: Luna Guerra, Antonio
Formato: eBook
Lenguaje:español
Publicado: Mx̌ico D.F.: Ediciones Fiscales ISEF, 2015
Materias:
Acceso en línea:Acceso restringido

MARC

LEADER 00000nam a22000007a 4500
005 20150202160356.0
007 cr|||| ||||
008 150202s2015 mx |||||s|||| 00||0 spa d
020 |a 978-607-406-708-8 
035 |a 12587 
040 |a vLex 
090 |c 5339  |d 5339 
100 1 |a Luna Guerra, Antonio 
245 1 0 |a Estudio prc̀tico del Rǧimen Fiscal de Dividendos pagados por Personas Morales 2015   |h [Recurso electrn̤ico] /  |c Antonio Luna Guerra 
256 |a Servicio en ln̕ea 
260 |a Mx̌ico D.F.:  |b Ediciones Fiscales ISEF,  |c 2015 
300 |a 1 recurso electrn̤ico 
506 1 |a Contenido disponible en los productos indicados  |d vLex Global  |d vLex Global (Academic Edition, excluding Law Schools)  |d vLex Global (U.S. Academic Edition, Law Schools)  |d vLex Global (U.S. Academic Edition, excluding Law Schools)  |d vLex Global (Academic Edition, Law Schools) 
650 0 4 |a Derecho fiscal  |z Mx̌ico 
650 0 4 |a Dividendos  |z Mx̌ico 
740 0 |a vLex Libros (Servicio en ln̕ea) 
856 4 0 |u http://vlex.com/source/estudio-practico-regimen-fiscal-dividendos-pagados-personas-morales-2015-12587  |z Acceso restringido 
942 |c BOOK 
999 0 |a Taxation 
999 0 |a Dividends